书目信息 |
| 题名: |
球类家族新成员
|
|
| 作者: | 刘瑞武 著 | |
| 分册: | ||
| 出版信息: | 北京 北京体育大学出版社 2004 |
|
| 页数: | 151页 | |
| 开本: | 20cm | |
| 丛书名: | ||
| 单 册: | ||
| 中图分类: | G849.9 | |
| 科图分类: | ||
| 主题词: | 球类运动--基本知识 | |
| 电子资源: | ||
| ISBN: | 7-81100-167-5 | |
| 000 | 00796nam0 2200241 45 | |
| 001 | 002698152 | |
| 005 | 20050104085759.9 | |
| 010 | @a7-81100-167-5@dCNY12.00 | |
| 100 | @a20040811d2004 em y0chiy0110 ea | |
| 101 | 0 | @achi |
| 102 | @aCN@b110000 | |
| 105 | @aa z 000yy | |
| 200 | 1 | @a球类家族新成员@AQiu Lei Jia Zu Xin Cheng Yuan@e三门球@ESan Men Qiu@f刘瑞武著@FLiu Rui Wu Zhu |
| 210 | @a北京@c北京体育大学出版社@d2004 | |
| 215 | @a151页@c照片,图@d20cm | |
| 300 | @a附录:研究报告 | |
| 330 | @a本书针对大量图示,运用通俗的文字,从本运动的基本概念、基本知识入手,介绍了其主要技术与战术,其竞技规则等。 | |
| 517 | @a三门球@ASan Men Qiu | |
| 606 | 0 | @a球类运动@x基本知识 |
| 690 | @aG849.9@v4 | |
| 701 | 0 | @a刘瑞武@4著 |
| 801 | 0 | @aCN@bNLC@c20040906 |
| 905 | @b341772-776@dG849.9@e172@f5 | |
| 球类家族新成员:三门球/刘瑞武著.-北京:北京体育大学出版社,2004 |
| 151页:照片,图;20cm |
| 附录:研究报告 |
| ISBN 7-81100-167-5:CNY12.00 |
| 本书针对大量图示,运用通俗的文字,从本运动的基本概念、基本知识入手,介绍了其主要技术与战术,其竞技规则等。 |
| ● |
| 相关链接 |
|
|
|
|
正题名:球类家族新成员
索取号:G849.9/172
 
预约/预借
| 序号 | 登录号 | 条形码 | 馆藏地/架位号 | 状态 | 备注 |
| 1 | 0341772 | 203417720 | 第一样本阅览室/ [索取号:G849.9/172] | 在馆 | |
| 2 | 0341773 | 203417739 | 密集书库/ [索取号:G849.9/172] | 在馆 | |
| 3 | 0341774 | 203417748 | 第四借阅区/ [索取号:G849.9/172] | 在馆 | |
| 4 | 0341775 | 203417757 | 密集书库/ [索取号:G849.9/172] | 在馆 | |
| 5 | 0341776 | 203417766 | 第四借阅区/ [索取号:G849.9/172] | 在馆 |